<?xml version="1.0" encoding="UTF-8"?>
<record
    xmlns:xsi="http://www.w3.org/2001/XMLSchema-instance"
    xsi:schemaLocation="http://www.loc.gov/MARC21/slim http://www.loc.gov/standards/marcxml/schema/MARC21slim.xsd"
    xmlns="http://www.loc.gov/MARC21/slim">

  <leader>01732cam a2200325 a 4500</leader>
  <controlfield tag="001">000006808</controlfield>
  <controlfield tag="005">20200929154011.0</controlfield>
  <controlfield tag="008">950615s1994    sp a     b   s100 0 spa  </controlfield>
  <datafield tag="010" ind1=" " ind2=" ">
    <subfield code="a">95165022</subfield>
  </datafield>
  <datafield tag="020" ind1=" " ind2=" ">
    <subfield code="a">8478202072</subfield>
  </datafield>
  <datafield tag="035" ind1=" " ind2=" ">
    <subfield code="a">(SpBaP)pu 950003243</subfield>
  </datafield>
  <datafield tag="040" ind1=" " ind2=" ">
    <subfield code="a">DO-SdBNP</subfield>
    <subfield code="c">DLC</subfield>
    <subfield code="d">DLC</subfield>
  </datafield>
  <datafield tag="041" ind1="0" ind2=" ">
    <subfield code="a">spafre</subfield>
  </datafield>
  <datafield tag="082" ind1=" " ind2=" ">
    <subfield code="a">306.146</subfield>
    <subfield code="b">C749m</subfield>
  </datafield>
  <datafield tag="111" ind1="2" ind2=" ">
    <subfield code="a">Congreso Muerte, Religiosidad y Cultura Popular, Siglos XIII-XVIII</subfield>
    <subfield code="9">18925</subfield>
  </datafield>
  <datafield tag="245" ind1="0" ind2="0">
    <subfield code="a">Muerte, religiosidad y cultura popular, siglos XIII-XVIII /</subfield>
    <subfield code="c">Eliseo Serrano Mart&#xED;n, editor.</subfield>
  </datafield>
  <datafield tag="260" ind1=" " ind2=" ">
    <subfield code="a">Zaragoza :</subfield>
    <subfield code="b">Instituci&#xF3;n "Fernando el Cat&#xF3;lico",</subfield>
    <subfield code="c">1994.</subfield>
  </datafield>
  <datafield tag="300" ind1=" " ind2=" ">
    <subfield code="a">581 p. :</subfield>
    <subfield code="b">il. ;</subfield>
    <subfield code="c">24 cm.</subfield>
  </datafield>
  <datafield tag="490" ind1="1" ind2=" ">
    <subfield code="a">Publicaci&#xF3;n n&#xFA;mero 1,640 de la Instituci&#xF3;n "Fernando el Cat&#xF3;lico" de la Excma. Diputaci&#xF3;n de Zaragoza</subfield>
  </datafield>
  <datafield tag="546" ind1=" " ind2=" ">
    <subfield code="a">One contribution in French.</subfield>
  </datafield>
  <datafield tag="500" ind1=" " ind2=" ">
    <subfield code="a">"El congreso sobre Muerte, religiosidad y cultura popular, siglos XIII-XVIII, se celebro del 12 al 14 de diciembre de 1990 en el Aula Magna de la Facultad de Filosof&#xED;a y Letras de la Universidad de Zaragoza, organizado por la Seccion de Historia y Ciencias Historiogr&#xE1;ficas de la Institucion 'Fernando el Cat&#xF3;lico'"--P. facing t.p.</subfield>
  </datafield>
  <datafield tag="504" ind1=" " ind2=" ">
    <subfield code="a">Incluye notas y referencia al pie de p&#xE1;ginas</subfield>
  </datafield>
  <datafield tag="650" ind1=" " ind2="4">
    <subfield code="a">Cultura popular</subfield>
    <subfield code="z">Espa&#xF1;a</subfield>
    <subfield code="x">Historia</subfield>
    <subfield code="v">CONGRESOS</subfield>
    <subfield code="9">18926</subfield>
  </datafield>
  <datafield tag="651" ind1=" " ind2="4">
    <subfield code="a">Espa&#xF1;a</subfield>
    <subfield code="x">Vida Religiosa Y Costumbres</subfield>
    <subfield code="x">Siglos Xiii-Xviii</subfield>
    <subfield code="x">Congresos</subfield>
    <subfield code="9">18927</subfield>
  </datafield>
  <datafield tag="650" ind1=" " ind2="4">
    <subfield code="a">Muerte</subfield>
    <subfield code="x">Congresos</subfield>
    <subfield code="9">18928</subfield>
  </datafield>
  <datafield tag="700" ind1="1" ind2=" ">
    <subfield code="a">Serrano Martin, Eliseo.</subfield>
    <subfield code="e">ed.</subfield>
    <subfield code="9">18929</subfield>
  </datafield>
  <datafield tag="710" ind1="2" ind2=" ">
    <subfield code="a">Instituci&#xF3;n "Fernando el Cat&#xF3;lico."</subfield>
    <subfield code="b">Secci&#xF3;n de Historia y Ciencias Historiogr&#xE1;ficas.</subfield>
    <subfield code="9">18930</subfield>
  </datafield>
  <datafield tag="830" ind1=" " ind2="0">
    <subfield code="a">Publicaci&#xF3;n ... de la Instituci&#xF3;n "Fernando el Cat&#xF3;lico" ;</subfield>
    <subfield code="v">no. 1640.</subfield>
    <subfield code="9">14723</subfield>
  </datafield>
  <datafield tag="910" ind1=" " ind2=" ">
    <subfield code="a">Catalogaci&#xF3;n por copia / LC</subfield>
  </datafield>
  <datafield tag="952" ind1=" " ind2=" ">
    <subfield code="0">0</subfield>
    <subfield code="1">0</subfield>
    <subfield code="5">2</subfield>
    <subfield code="7">0</subfield>
    <subfield code="8">MO</subfield>
    <subfield code="a">GR</subfield>
    <subfield code="b">GR</subfield>
    <subfield code="c">CT</subfield>
    <subfield code="d">2009-09-02</subfield>
    <subfield code="i">LF1</subfield>
    <subfield code="l">0</subfield>
    <subfield code="o">306.146 C749m</subfield>
    <subfield code="p">6808-10</subfield>
    <subfield code="r">2020-06-25</subfield>
    <subfield code="w">2020-06-25</subfield>
    <subfield code="y">2</subfield>
    <subfield code="Z">Pr&#xE9;stamo interno</subfield>
  </datafield>
  <datafield tag="999" ind1=" " ind2=" ">
    <subfield code="c">6596</subfield>
    <subfield code="d">6596</subfield>
  </datafield>
</record>
